000 00287nam a2200121Ia 4500
008 190216s9999||||xx |||||||||||||| ||und||
100 _aBhagwati Prasad
245 0 _aOutline Of Income Tax Law
260 _bCentral Law Agenccy
_c1979
300 _a452p
650 _aCommerce
942 _cBK
999 _c8312
_d8312